Normal view
MARC view
- Muhammad Haris Haider Ali Muhammad Zubair Malik Anees Ur Rehman
Entry Personal Name
001 - CONTROL NUMBER
- control field: 122752
003 - CONTROL NUMBER IDENTIFIER
- control field: NUST
005 - DATE AND TIME OF LATEST TRANSACTION
- control field: 20240520190232.0
008 - FIXED-LENGTH DATA ELEMENTS
- fixed length control field: 240520|| aca||aabn | a|a d
040 ## - CATALOGING SOURCE
- Original cataloging agency: NUST
- Transcribing agency: NUST
100 ## - HEADING--PERSONAL NAME
- Personal name: Muhammad Haris Haider Ali Muhammad Zubair Malik Anees Ur Rehman
670 ## - SOURCE DATA FOUND
- Source citation: Work cat.: (NUST): Muhammad Haris Haider Ali Muhammad Zubair Malik Anees Ur Rehman , PR-SOF-2282-Design, Analysis And Fabrication Of Efficient Speed Breaker For Power Generation, 2023.
